| 000 | 00419cam a22001451 4500 | ||
|---|---|---|---|
| 082 |
_a355.02 _bKEN |
||
| 100 | 1 |
_aKennedy, James Russell, _949531 |
|
| 245 | 1 | 0 |
_aModern war and defence reconstruction, _cby Captain J. R. Kennedy. |
| 260 |
_aLondon, _bHutchinson, _c1936. |
||
| 300 |
_axii, 308 p. _bmap. _c22 cm. |
||
| 526 |
_a0 _b0 _c0 _d355_020000000000000_KEN |
||
| 650 | 0 |
_aMCE _9379 |
|
| 650 | 0 | _aWar. | |
| 942 |
_2ddc _cBK |
||
| 999 |
_c552325 _d552325 |
||